书目信息 |
| 题名: |
实验无机化学
|
|
| 作者: | 帕斯 , 萨克利夫 , Sutcliffe , Pass 著 ;郑汝骊 译 | |
| 分册: | ||
| 出版信息: | 北京 科学出版社 1980 |
|
| 页数: | 224页 | |
| 开本: | 19cm | |
| 丛书名: | ||
| 单 册: | ||
| 中图分类: | O61-33 | |
| 科图分类: | ||
| 主题词: | 无机化学--实验 | |
| 电子资源: | ||
| ISBN: | ||
| 000 | 00900nam0 2200301 45 | |
| 001 | 0180005155 | |
| 005 | 20060815172610.67 | |
| 010 | @dCNY0.95 | |
| 091 | @aCN@b13031.127 | |
| 100 | @a19950512d1980 em y0chiy0121 ea | |
| 101 | 1 | @achi@ceng |
| 102 | @aCN@b110000 | |
| 105 | @ay z 000yy | |
| 200 | 10 | @a实验无机化学@Ashi yan wu ji hua xue@e制备、反应和仪器方法@f(英)帕斯(Pass,G.),萨克利夫(Surcliffe,H.)著@g郑汝骊译 |
| 210 | @a北京@c科学出版社@d1980 | |
| 215 | @a224页@d19cm | |
| 300 | @aPractical inorganic chemistry | |
| 510 | 1 | @aPractical inorganic chemistry@zeng |
| 606 | @a无机化学@x实验 | |
| 690 | @aO61-33@v3 | |
| 701 | 1 | @a帕斯@Apa si@bG.@f英@4著 |
| 701 | 1 | @a萨克利夫@Asa ke li fu@bH.@4著 |
| 701 | A1 | @aSutcliffe@bH.@4著 |
| 701 | A1 | @aPass@bG.@4著 |
| 702 | 0 | @a郑汝骊@Azheng ru li@4译 |
| 801 | 2 | @aCN@bNLC@c20060815 |
| 801 | 0 | @aCN@bTSSF |
| 905 | @a10447@dO61-33@e103 | |
| 实验无机化学:制备、反应和仪器方法/(英)帕斯(Pass,G.),萨克利夫(Surcliffe,H.)著/郑汝骊译.-北京:科学出版社,1980 |
| 224页;19cm |
| Practical inorganic chemistry |
| ISBN :CNY0.95 |
| ● |
| 相关链接 |
|
|
|
|
正题名:实验无机化学
索取号:O61-33/103
 
预约/预借
| 序号 | 登录号 | 条形码 | 馆藏地/架位号 | 状态 | 备注 |
| 1 | 0461220 | 204612204 | 密集书库/ [索取号:O61-33/103] | 在馆 | |
| 2 | 0461221 | 204612213 | 密集书库/ [索取号:O61-33/103] | 在馆 |